000 01043nam a2200301 a 4500
005 20180803165415.0
008 140217b xxu||||| |||| 00| 0 spa d
020 _a9789588343310=020 \\
_a9789588343297 Obra completa
040 _aCO-BoIAVH
_cCO-BoIAVH
041 _aspa
044 _ack
082 _a333.9516
_bI57p
100 _aGalindo, Gustavo
245 _aPlanificación ecorregional para la conservación de la biodiversidad en los Andes y el piedemonte amazónico colombianos
260 _aBogotá
_bIAVH
_bANH
_bThe Nature Conservancy
_bIdeam
_c2009
300 _a23 p.
650 _aAreas de conservación
650 _aPlanificación regional
650 _aPlanificación ambiental
650 _aEcosistemas amenazados
662 _aColombia
_cRegión Andina
662 _aColombia
_cRegión Amazónica
700 _aCabrera, Edersson
700 _aOtero, Javier
700 _aBernal, Néstor Ricardo
700 _aPalacios, Santiago
942 _cLIBRO
_2z
_01
999 _c6867
_d6867